|
|
|
|
| LEADER |
00000nam0a2200000 4500 |
| 001 |
168961 |
| 005 |
20231031163253.0 |
| 010 |
|
|
|a 9785778211858
|
| 035 |
|
|
|a (RuTPU)RU\TPU\book\183294
|
| 090 |
|
|
|a 168961
|
| 100 |
|
|
|a 20091105d2009 k y0rusy50 ca
|
| 101 |
0 |
|
|a rus
|
| 102 |
|
|
|a RU
|
| 105 |
|
|
|a a z 001zy
|
| 200 |
1 |
|
|a Качество жизни населения в России и ее регионах
|e монография
|f Новосибирский государственный технический университет (НГТУ); под ред. С. В. Кущенко; Г. П. Литвинцевой; . Л. А. Осьмук
|
| 210 |
|
|
|a Новосибирск
|c Изд-во НГТУ
|d 2009
|
| 215 |
|
|
|a 560 с.
|c ил.
|
| 320 |
|
|
|a Библиогр.: с. 533-553.
|
| 330 |
|
|
|a Данное издание - это коллективная монография специалистов в области философии, социологии, истории, экономики, медицины и права. Она посвящена исследованию теоретических, методических и прикладных вопросов качества жизни населения. Книга предназначена для научных работников, специалистов, преподавателей, аспирантов, студентов, а также для тех, кто интересуется актуальными проблемами развития России.
|
| 606 |
1 |
|
|a Уровень жизни
|y Россия
|y СССР
|x Экономика
|2 stltpush
|3 (RuTPU)RU\TPU\subj\37180
|
| 610 |
1 |
|
|a экономика
|
| 610 |
1 |
|
|a население
|
| 610 |
1 |
|
|a Россия
|
| 610 |
1 |
|
|a регионы
|
| 610 |
1 |
|
|a качество жизни
|
| 610 |
1 |
|
|a социология
|
| 610 |
1 |
|
|a философия
|
| 610 |
1 |
|
|a история
|
| 610 |
1 |
|
|a медицина
|
| 610 |
1 |
|
|a методология
|
| 610 |
1 |
|
|a социальное картирование
|
| 610 |
1 |
|
|a доходы
|
| 610 |
1 |
|
|a государственное регулирование
|
| 610 |
1 |
|
|a бедность
|
| 610 |
1 |
|
|a безопасность
|
| 610 |
1 |
|
|a право
|
| 610 |
1 |
|
|a культура
|
| 610 |
1 |
|
|a оценка
|
| 610 |
1 |
|
|a Западная Сибирь
|
| 610 |
1 |
|
|a Хакасия
|
| 610 |
1 |
|
|a продолжительность жизни
|
| 610 |
1 |
|
|a региональная политика
|
| 610 |
1 |
|
|a образование
|
| 610 |
1 |
|
|a социальные услуги
|
| 610 |
1 |
|
|a криминогенность
|
| 610 |
1 |
|
|a информатизация
|
| 610 |
1 |
|
|a монографии
|
| 686 |
|
|
|a У9(2)0-94
|v LBC/SL-A
|2 rubbk
|
| 702 |
|
1 |
|a Кущенко
|b С. В.
|g Сергей Владимирович
|4 340
|
| 702 |
|
1 |
|a Литвинцева
|b Г. П.
|g Галина Павловна
|4 340
|
| 702 |
|
1 |
|a Осьмук
|b Л. А.
|g Людмила Алексеевна
|4 340
|
| 712 |
0 |
2 |
|a Новосибирский государственный технический университет (НГТУ)
|c (1992- )
|2 stltpush
|3 (RuTPU)RU\TPU\col\36
|
| 801 |
|
1 |
|a RU
|b 63413507
|c 20091105
|
| 801 |
|
2 |
|a RU
|b 63413507
|c 20100727
|g RCR
|
| 942 |
|
|
|c BK
|
| 959 |
|
|
|a 113/20091103
|d 1
|e 600,00
|f ЧЗГЛ:1
|